SECOND RING OF POWER (Record no. 11790)

MARC details
000 -LEADER
fixed length control field 00342nam a2200133Ia 4500
008 - FIXED-LENGTH DATA ELEMENTS--GENERAL INFORMATION
fixed length control field 240624s9999 xx 000 0 und d
041 ## - LANGUAGE CODE
Language code of text/sound track or separate title eng
082 ## - DEWEY DECIMAL CLASSIFICATION NUMBER
Classification number 828 CAS
100 ## - MAIN ENTRY--PERSONAL NAME
Personal name CASTANEDA CARLOS
245 ## - TITLE STATEMENT
Title SECOND RING OF POWER
260 ## - PUBLICATION, DISTRIBUTION, ETC.
Date of publication, distribution, etc. 1991
Place of publication, distribution, etc. New Delhi
Name of publisher, distributor, etc. Central News Agency Pvt. Ltd.
300 ## - PHYSICAL DESCRIPTION
Extent 328 : p. : cm. ; 22
365 ## - TRADE PRICE
Currency code
Price amount 20
Holdings
Withdrawn status Lost status Damaged status Not for loan Home library Current library Shelving location Date acquired Source of acquisition Cost, normal purchase price Total Holds Full call number Barcode Date last seen Copy number Price effective from Koha item type
        IMTN IMTN Rack 42-A 12/01/2008 WBD 7.50 577 828 CAS 11790 06/24/2024 51.2 06/24/2024 Books
Designed & Maintained by: LRC IMT Nagpur Contact: lrc@imtnag.ac.in© 2024. All Rights Reserved.